| 000 | 00728nam a22002411 4500 | ||
|---|---|---|---|
| 001 | 33476 | ||
| 003 | BD-RjUL | ||
| 005 | 20211209052020.0 | ||
| 008 | 140508s1967 nju b 001 0 eng d | ||
| 035 | _a(BD-RjUL)33567 | ||
| 040 |
_aDLC _cDLC _dDLC _dBD-RjUL _beng |
||
| 041 | _aeng | ||
| 082 | 0 | 0 |
_a302.34 _219 _bMIS 1967 |
| 100 | 1 |
_aMills, Theodore M. _9101595 |
|
| 245 | 1 | 4 |
_aThe sociology of small groups / _cTheodore M. Mills. |
| 260 |
_aEnglewood Cliffs, N.J. : _bPrentice-Hall, _c1967. |
||
| 300 |
_aviii, 136 p. ; _c23 cm. |
||
| 490 | 0 | _aFoundations of modern sociology series | |
| 504 | _aIncludes bibliographical references. and Index | ||
| 650 | 0 |
_aSmall groups. _9101596 |
|
| 942 |
_2ddc _cBK |
||
| 999 |
_c33476 _d33476 |
||